| 000 | 01390nam a2200349 c 4500 | ||
|---|---|---|---|
| 999 |
_c11637 _d11637 |
||
| 003 | BLK | ||
| 005 | 20250416111553.0 | ||
| 008 | 180412b bul|||||r ||||||| ||bul|| | ||
| 010 | _aKNG00013190000 | ||
| 040 | _aBLK | ||
| 041 |
_aBUL _cBUL |
||
| 080 |
_aЯдрена, атомна, молекулярна физика. Вж и 621.039.5; 621.384.6 _b539.1 _x(035) _z539.1(035) |
||
| 100 | 1 |
_aГладков, Кирил А. _eпърви автор _9256710 |
|
| 139 |
_aГладков, Кирил А. _bГ 53 |
||
| 245 | 1 | 0 |
_aАтомът от А до Я _bМалка енциклопедия _cКирил А. Гладков; прев. от рус. Лидия Б. Йосифова. |
| 257 | _aRUS | ||
| 260 |
_aСофия _bТехника _c1975 |
||
| 300 |
_a183 с. _bс ил. _c21 см |
||
| 380 | _a5 | ||
| 500 | _aОриг. загл. Атом от А до Я. - Прев. по 2. прераб. и доп. рус. изд. | ||
| 650 | 4 |
_aАтомна енергия _9256712 |
|
| 653 | _aатомна енергия | ||
| 700 | 1 |
_aЙосифова, Лидия Б. _eпрев. от рус. _9256711 |
|
| 852 | _aЦб 78822 | ||
| 856 | 4 |
_qpdf _u |
|
| 856 | 4 |
_qpdf _u |
|
| 942 |
_cKNG _n0 _02 _s1 |
||
| 944 |
_aCR _c18.06.2010 _k30576 _lЦветомила Тодорова |
||
| 944 |
_aED _c18.06.2010 |
||
| 944 |
_aED _c2022-10-07 _kХристина Везирева |
||
| 999 | _d11637 | ||